Biblioteca ESET

Tus ojos / (Registro nro. 900)

Detalles MARC
000 -CABECERA
fixed length control field 01067aam a2200313 a 4500
001 - NUMERO DE CONTROL
control field 001358496
003 - CONTROL NUMBER IDENTIFIER
control field AR-BeUNQ
005 - FECHA Y HORA DE LA ULTIMA TRANSACCION
control field 20231018151800.0
007 - CAMPO FIJO DE DESCRIPCION FIJA - INFORMACION GENERAL
fixed length control field ta
008 - ELEMENTOS DE LONGITUD FIJA-INFORMACION GENERAL
fixed length control field 230720s2014 ag o gr 001 p spa
015 ## - NATIONAL BIBLIOGRAPHY NUMBER
National bibliography number AR-2014
020 ## - NUMERO INTERNACIONAL NORMALIZADO PARA LIBROS
Número Internacional Normalizado del libro 9789873967528
040 ## - FUENTE DE CATALOGACION
Agencia de catalogación original AR-BaBN
Idioma de catalogación ESPAÑOL
Agencia que realiza la transcripción AR-BaBN
Convenciones de la descripción aacr
Agencia que realiza la modificación AR-BeUNQ
044 ## - COUNTRY OF PUBLISHING/PRODUCING ENTITY CODE
MARC country code ag
ISO country code ar-c
082 ## - NUMERO DE CLASIFICACION DECIMAL DEWEYMBER
Número de clasificación Ar 861
Número de la edición 21
100 1# - ASIENTO PRINCIPAL-NOMBRE PERSONAL
Nombre personal Gimenez, Eduardo Abel,
Fecha asociada al nombre 1954-
Término relacionador aut.
Relationship auth
245 10 - MENCION DE TITULO
Título Tus ojos /
Mención de responsabilidad, etc Eduardo Abel Giménez, Cecilia Afonso Esteves.
250 ## - MENCION DE EDICION
Mención de edición 1a ed. especial
260 ## - PUBLICACION, DISTRIBUCION, ETC.
Lugar de publicación, distribución, etc. Buenos Aires :
Nombre del editor, distribuidor, etc. Calibroscopio,
Fecha de publicación, distribución, etc 2014.
300 ## - DESCRIPCION FISICA
Extensión 44 p. :
Otros detalles físicos fot. ;
Dimensiones 21 cm.
500 ## - NOTA GENERAL
Nota general Colección Literaria para el Nivel Secundario del Plan Nacional de Lecturas del Ministerio de Educación de la Nación.
650 ## - ASIENTO SECUNDARIO DE MATERIA - TERMINO TEMATICO
Término temático o nombre geográfico como elemento de entrada Literatura juvenil
Fuente del encabezamiento o términ tell
650 ## - ASIENTO SECUNDARIO DE MATERIA - TERMINO TEMATICO
Término temático o nombre geográfico como elemento de entrada Literatura argentina
Fuente del encabezamiento o términ tell
650 ## - ASIENTO SECUNDARIO DE MATERIA - TERMINO TEMATICO
Término temático o nombre geográfico como elemento de entrada Poesía
Fuente del encabezamiento o términ tell
700 1# - ASIENTO SECUNDARIO - NOMBRE DE PERSONA
Personal name Afonso Esteves, Cecilia,
Dates associated with a name 1977-
Relator term il.
929 ## - DATOS DE ADQUISICION
Procedencia DONACION
Proveedor Ministerio de Educación de la Nación
Precio 300,00
Fecha de recibido 20230629
Patrimonio UNQ PAT0080197
Número de Pase u otro número de Donación 61347
Es copia 1
929 ## - DATOS DE ADQUISICION
Procedencia DONACION
942 ## - ELEMENTOS DE PUNTO DE ACCESO ADICIONAL (KOHA)
Tipo de ítem Koha Libros
Suppress in OPAC 0
Existencias
Estado de retiro Estado de pérdida Ubicación permanente Ubicación actual Ubicación en estantería Fecha de ingreso Signatura topográfica completa Inventario Date last seen Número de copia Tipo de ítem Koha Operador Total Checkouts
    Biblioteca ESET - UNQ Biblioteca ESET - UNQ CIRCULACION 21/07/2023 Ar 861 GIM 61347 21/07/2023 1 Libros GS  
    Biblioteca ESET - UNQ Biblioteca ESET - UNQ CIRCULACION 06/10/2021 Ar 861 GIM 59637 25/09/2023 2 Libros    

ESET UNQ

☏ 4365-7188
 Avenida República de Francia 1714 entre Doctor Kenny y Concordia, Ezpeleta, Bs As.
✉ secretaria_eset@unq.edu.ar

Con tecnología Koha